000 00926nam a22001937a 4500
999 _c62897
_d62897
003 Ge_BSU
005 20250317163552.0
008 250317s2002 ge ||||| |||| 00| 0 geo d
041 _ageo
080 _a615.849(075.8) : 616-073.75 გ-51
100 _aგიორგაძე, კონსტანტინე
_924581
245 _aსხივური დიაგნოსტიკა და სხივური თერაპია :
_b სახელმძღვანელო სამედ. უნ-ტის სტუდენტებისათვის /
_cკონსტანტინე გიორგაძე.
264 _aთბილისი,
_c2002.
300 _a524 გვ. ;
_b21 სმ.
653 _aსხივური დიაგნოსტიკა
653 _aსხივური თერაპია
653 _aმედიცინა
942 _2udc
_cᲬᲘᲒᲜᲘ